000 00783cam a22002178i 4500
999 _c58425
_d58425
001 21193809
005 20221107114803.0
008 190905s2020 nyu b 001 0 eng
020 _a9780367407230x
041 _aeng
080 _a372 K-11
100 1 _aKaywork, Jennifer
_913466
245 1 3 _aAn educator's guide to infant and toddler development :
_bunderstanding and responding appropriately /
_cJennifer Kaywork.
264 1 _aNew York :
_bRoutledge,
_c2020.
300 _a317 pages :
_bill.;
_c23 cm.
653 _aჩვილები და ჩვილების განვითარება
653 _aპედაგოგიკა
653 _aразвитие младенцев и малышей
653 _aПедагогика
942 _2udc
_cBK